-
PURI, V.K.,MISRA ,S.K,AND GARG BHARAT
Entry Personal Name
Number of records used in: 1
001 - CONTROL NUMBER
003 - CONTROL NUMBER IDENTIFIER
005 - DATE AND TIME OF LATEST TRANSACTION
- control field:
20221215144927.0
008 - FIXED-LENGTH DATA ELEMENTS
- fixed length control field:
221215|| aca||aabn | a|a d
040 ## - CATALOGING SOURCE
- Original cataloging agency:
OSt
- Transcribing agency:
OSt
100 ## - HEADING--PERSONAL NAME
- Personal name:
PURI, V.K.,MISRA ,S.K,AND GARG BHARAT
670 ## - SOURCE DATA FOUND
- Source citation:
Work cat.: (OSt)8046: PURI, V.K.,MISRA ,S.K,AND GARG BHARAT., INDIAN ECONOMY, 2022